00631nam a2200181Ia 4500008004100000020001500041041001200056082001600068100002000084245008500104260002500189300000800214650001600222700001800238942000700256999001500263952017100278221030s9999 xx 000 0 und d a007136188X aEnglish a105.23bTol aR. A. M. Toledo 0aSchaum`s Fundamentals of Rleational Databasescby R. A. M. Toledo, P. K. Cushman bTMHaNew Delhic2001 a249 aBE Computer aP. K. Cushman cBK c3470d3470 pBE 7029g175.00l0o105.23 Tolr2024-06-13 00:00:00w2022-10-30yBK003Print4070aMIETLIBbMIETLIBcBL-Academic Block C, FL-2, CUP-46, SH-4, R-4d2003-08-1910HBE